=LDR 00000nam 2200000 4500 =001 INLIS000000000026275 =005 20130612124728 =008 ***********************************ind** =035 ##$$0010-061300000026275 =041 ##$$a ind =082 ##$$a 811.100 9 =090 ##$$a 811.100 9, DUF p =100 ##$$a Duffey, Bernard =245 ##$$a Poetry in America, Bernard Duffey =260 ##$$a 1978 $b Carolina =300 ##$$a xiv, 358 hlm., 24 cm =650 ##$$a Puisi Amerika =650 ##$$a Kritik =850 ##$$a NBPNMAT